Normal view
MARC view
- Project Supervisor: Dr. Nasir Rashid Dr. Tayyab Zaffar
Entry Corporate Name
001 - CONTROL NUMBER
- control field: 101014
003 - CONTROL NUMBER IDENTIFIER
- control field: NUST
005 - DATE AND TIME OF LATEST TRANSACTION
- control field: 20221020142113.0
008 - FIXED-LENGTH DATA ELEMENTS
- fixed length control field: 221020|| aca||aabn | a|a d
040 ## - CATALOGING SOURCE
- Original cataloging agency: NUST
- Transcribing agency: NUST
110 ## - HEADING--CORPORATE NAME
- Corporate name or jurisdiction name as entry element: Project Supervisor: Dr. Nasir Rashid Dr. Tayyab Zaffar
670 ## - SOURCE DATA FOUND
- Source citation: Work cat.: (NUST): Adnan Abid. Bilal Mehmood. Zain Ali 101013, PR-SOF-2135-Development of BCI controlled wheel chair, 2022.
